| 000 | 00472nam a22001935a 4500 | ||
|---|---|---|---|
| 005 | 20260322212013.0 | ||
| 008 | data | ||
| 010 | _a 89108368 | ||
| 020 | _a1558509607 | ||
| 020 | _a9781558509603 | ||
| 040 |
_aDLC _cDLC _dDLC |
||
| 050 | 0 | 0 | _aIN PROCESS (ONLINE) |
| 092 | _a158.5 G658 1988 | ||
| 100 | 1 |
_aGordon, Sol, _d1923- |
|
| 245 | 1 | 0 |
_aWhy love is not enough / _cSol Gordon. |
| 260 |
_aBoston, Mass. : _bB. Adams, _cc1988. |
||
| 300 |
_a153 p. ; _c22 cm. |
||
| 001 | data | ||
| 999 |
_c276 _d276 |
||